Readings in labour economics and labour relation (Record no. 24896)

MARC details
000 -LEADER
fixed length control field 00288nam a2200109Ia 4500
082 ## - DEWEY DECIMAL CLASSIFICATION NUMBER
Classification number 031.105
Item number ROW
100 ## - MAIN ENTRY--AUTHOR NAME
Personal name ROWAN, R L
245 #0 - TITLE STATEMENT
Title Readings in labour economics and labour relation
260 ## - PUBLICATION, DISTRIBUTION, ETC. (IMPRINT)
Place of publication Illinois
Name of publisher Richard
Year of publication 1976
942 ## - ADDED ENTRY ELEMENTS (KOHA)
Koha item type Books
Holdings
Withdrawn status Lost status Damaged status Not for loan Home library Current library Date acquired Full call number Accession Number Koha item type
        RRII Library RRII Library 16/12/2021 031.105 ROW 05562 Books